[Event "Arco op 46th"]
[Site "Arco"]
[Date "2024.10.07"]
[Round "3"]
[White "Ventura, Sergio"]
[Black "Mariani, Alessandro"]
[Result "1/2-1/2"]
[WhiteElo "1931"]
[BlackElo "1773"]
[PlyCount "139"]
[EventDate "2024.10.05"]
[EventType "swiss"]
[EventRounds "9"]
[EventCountry "ITA"]
[SourceTitle "CB44_2024"]
[Source "Chessbase"]
[SourceDate "2024.10.30"]
[SourceVersion "1"]
[SourceVersionDate "2024.10.30"]
[SourceQuality "1"]

1. e4 e6 2. d4 d5 3. Nd2 Nd7 4. Ngf3 dxe4 5. Nxe4 Ngf6 6. Ng3 Be7 7. Bd3 b6 8. Qe2 0-0 9. Bg5 Bb7 10. c3 c5 11. 0-0 Re8 12. Rfd1 Qc7 13. Rac1 Rad8 14. Bb5 Bc6 15. Re1 h6 16. Bf4 Bd6 17. Bxd6 Qxd6 18. Ne5 Bxb5 19. Qxb5 cxd4 20. cxd4 Qd5 21. Qa6 Qxd4 22. Nc6 Nb8 23. Qxa7 Nxc6 24. Rxc6 Qxb2 25. Qxb6 Qxa2 26. Rd6 Rxd6 27. Qxd6 Qd5 28. Qxd5 Nxd5 29. Ne4 Rb8 30. g3 Rb2 31. h4 g6 32. Kg2 Kg7 33. Kg1 Nf6 34. Nxf6 Kxf6 35. Kg2 Kf5 36. Re3 e5 37. Ra3 g5 38. Rf3+ Ke6 39. hxg5 hxg5 40. Ra3 Kf5 41. Ra6 g4 42. Ra3 Rb5 43. Rc3 f6 44. Ra3 e4 45. Rc3 Ke5 46. Ra3 f5 47. Ra8 Kd4 48. Ra4+ Kc3 49. Ra3+ Kb2 50. Ra8 Rd5 51. Rc8 Kb3 52. Rc7 Kb4 53. Rc8 Rc5 54. Ra8 Re5 55. Rc8 e3 56. fxe3 Rxe3 57. Rf8 Re5 58. Kf2 Kc4 59. Ra8 Rb5 60. Ra4+ Kd5 61. Ra2 Ke5 62. Re2+ Kf6 63. Ra2 Kg5 64. Kg2 f4 65. gxf4+ Kxf4 66. Ra4+ Kg5 67. Ra8 Kh4 68. Rh8+ Rh5 69. Rxh5+ Kxh5 70. Kg3 1/2-1/2

[Event "Arco op 46th"]
[Site "Arco"]
[Date "2024.10.05"]
[Round "1"]
[White "Inhoven, Stefan"]
[Black "Mariani, Alessandro"]
[Result "1-0"]
[WhiteElo "2062"]
[BlackElo "1773"]
[PlyCount "47"]
[EventDate "2024.10.05"]
[EventType "swiss"]
[EventRounds "9"]
[EventCountry "ITA"]
[SourceTitle "CB44_2024"]
[Source "Chessbase"]
[SourceDate "2024.10.30"]
[SourceVersion "1"]
[SourceVersionDate "2024.10.30"]
[SourceQuality "1"]

1. c4 e5 2. Nc3 Nc6 3. e3 Bb4 4. Nd5 a5 5. a3 Bc5 6. Ne2 Nf6 7. g3 Nxd5 8. cxd5 Ne7 9. Bg2 d6 10. h3 Bd7 11. d4 exd4 12. Nxd4 Ng6 13. b3 Ne5 14. f4 Ng6 15. 0-0 h5 16. Bb2 Qc8 17. Kh2 f5 18. Qd3 Ne7 19. Nf3 Qd8 20. Bxg7 Rg8 21. Bf6 Kf7 22. Bb2 c6 23. Ng5+ Rxg5 24. fxg5 1-0